Histology : a text and atlas (Record no. 485)

MARC details
000 -LEADER
fixed length control field 00918pam a2200277 a 4500
001 - CONTROL NUMBER
control field 3959191
003 - CONTROL NUMBER IDENTIFIER
control field OSt
005 - DATE AND TIME OF LATEST TRANSACTION
control field 20241114110538.0
008 - FIXED-LENGTH DATA ELEMENTS--GENERAL INFORMATION
fixed length control field 940314s1995 mdua b 001 0 eng c
010 ## - LIBRARY OF CONGRESS CONTROL NUMBER
LC control number 94009400
020 ## - INTERNATIONAL STANDARD BOOK NUMBER
International Standard Book Number 0683073699
040 ## - CATALOGING SOURCE
Original cataloging agency DNLM/DLC
Transcribing agency DLC
Modifying agency DLC
050 00 - LIBRARY OF CONGRESS CALL NUMBER
Classification number QM551
Item number .R67 1995
060 10 - NATIONAL LIBRARY OF MEDICINE CALL NUMBER
Classification number QS 517 R825h 1995
082 00 - DEWEY DECIMAL CLASSIFICATION NUMBER
Classification number QS 517 R82h 1995
Edition number 20
100 1# - MAIN ENTRY--PERSONAL NAME
Personal name Ross, Michael H.; Romrell, Lynn J.; Kaye, Gordon I.
9 (RLIN) 943
245 10 - TITLE STATEMENT
Title Histology : a text and atlas
250 ## - EDITION STATEMENT
Edition statement 3rd ed.
260 ## - PUBLICATION, DISTRIBUTION, ETC. (IMPRINT)
Place of publication, distribution, etc. Baltimore;
Name of publisher, distributor, etc. Williams & Wilkins,
Date of publication, distribution, etc. c1995.
300 ## - PHYSICAL DESCRIPTION
Extent xiii, 823 p. :
Other physical details ill. (some col.) ;
Dimensions 28 cm.
504 ## - BIBLIOGRAPHY, ETC. NOTE
Bibliography, etc Includes bibliographical references and index.
650 #0 - SUBJECT ADDED ENTRY--TOPICAL TERM
Topical term or geographic name as entry element Histology atlas
9 (RLIN) 194
906 ## - LOCAL DATA ELEMENT F, LDF (RLIN)
a 7
b cbc
c orignew
d 1
e ocip
f 19
g y-gencatlg
942 ## - ADDED ENTRY ELEMENTS (KOHA)
Source of classification or shelving scheme Other/Generic Classification Scheme
Koha item type Short Loan
Holdings
Withdrawn status Lost status Source of classification or shelving scheme Damaged status Not for loan Home library Current library Date acquired Source of acquisition Inventory number Total Checkouts Full call number Barcode Date last seen Koha item type
    Other/Generic Classification Scheme     MUST Main Library MUST Main Library 22/09/2014 Purchase 01/16599   QS 517 R82h 1995 2014-2901 22/09/2014 Open Shelf